Foret racine labyrinthe
Αποθηκεύτηκε σε:
| Κύριος συγγραφέας: | |
|---|---|
| Μορφή: | Βιβλίο |
| Γλώσσα: | French |
| Δημοσίευση: |
Paris :
Seghers,
1991
|
| Σειρά: | Collection volubile
|
| Θέματα: | |
| Ετικέτες: |
Προσθήκη ετικέτας
Δεν υπάρχουν, Καταχωρήστε ετικέτα πρώτοι!
|
MARC
| LEADER | 00000nam a2200000 i 4500 | ||
|---|---|---|---|
| 001 | 1/23045 | ||
| 008 | 970717s1991 fre d | ||
| 020 | |a 2-232-10376-5 | ||
| 035 | |a 1993 |b 2 |c Ξανθάκη |l 10036736 | ||
| 040 | |a GR-MY-UA |b gre |e aacr | ||
| 041 | 0 | |a fre | |
| 082 | 0 | |a 853 | |
| 100 | 1 | |a Calvino, Italo. | |
| 245 | 1 | 0 | |a Foret racine labyrinthe / |c Italo Calvino ; traduit de l'italien par Fournel and Roubaud ; illustration de Bruno Mallart |
| 260 | |a Paris : |b Seghers, |c 1991 | ||
| 300 | |a 59 p. | ||
| 490 | 1 | |a Collection volubile | |
| 650 | 0 | 0 | |a Italian literature. |
| 650 | 0 | 0 | |a Italian fiction. |
| 830 | 0 | |a Collection volubile | |
| 852 | |a INST |b RHODES |e 19970717 |h 853 CAL |p 005400009786 |q 005400009786 |t BK |y 0 | ||
| 909 | |a Ρ |b 027733 |c 1993 | ||
| 970 | |z 2000/08/ΔΕΜΕΝΑΓΑΣ ΠΕΤΡΟΣ | ||